<?xml version="1.0" encoding="UTF-8"?>
<record
    xmlns:xsi="http://www.w3.org/2001/XMLSchema-instance"
    xsi:schemaLocation="http://www.loc.gov/MARC21/slim http://www.loc.gov/standards/marcxml/schema/MARC21slim.xsd"
    xmlns="http://www.loc.gov/MARC21/slim">

  <leader>00385nam a2200121   4500</leader>
  <controlfield tag="005">20260505142043.0</controlfield>
  <datafield tag="020" ind1=" " ind2=" ">
    <subfield code="a">9781657404949</subfield>
  </datafield>
  <datafield tag="082" ind1=" " ind2=" ">
    <subfield code="a">571.43 ALE</subfield>
  </datafield>
  <datafield tag="084" ind1=" " ind2=" ">
    <subfield code="2">Colon Classification</subfield>
  </datafield>
  <datafield tag="245" ind1=" " ind2=" ">
    <subfield code="a">Computational Biomechanics and Systems Biology: </subfield>
    <subfield code="b">From Models to Mechanisms/</subfield>
    <subfield code="c">Edited by Karyn Alexander</subfield>
  </datafield>
  <datafield tag="260" ind1=" " ind2=" ">
    <subfield code="a">New York:</subfield>
    <subfield code="b">Syrawood Publishing House;</subfield>
    <subfield code="c">2025.</subfield>
  </datafield>
  <datafield tag="942" ind1=" " ind2=" ">
    <subfield code="2">ddc</subfield>
    <subfield code="c">BK</subfield>
  </datafield>
  <datafield tag="999" ind1=" " ind2=" ">
    <subfield code="c">759251</subfield>
    <subfield code="d">759251</subfield>
  </datafield>
  <datafield tag="952" ind1=" " ind2=" ">
    <subfield code="0">0</subfield>
    <subfield code="1">0</subfield>
    <subfield code="2">ddc</subfield>
    <subfield code="4">0</subfield>
    <subfield code="7">0</subfield>
    <subfield code="a">BTY</subfield>
    <subfield code="b">BTY</subfield>
    <subfield code="d">2026-05-05</subfield>
    <subfield code="l">0</subfield>
    <subfield code="o">571.43 ALE</subfield>
    <subfield code="p">BTY3694</subfield>
    <subfield code="r">2026-05-05 14:21:17</subfield>
    <subfield code="w">2026-05-05</subfield>
    <subfield code="y">BK</subfield>
  </datafield>
</record>
